000 02495nam2a2200301 4500
001 RU\NLR\BIBL_A\010968796
005 20250624204229.0
010 _a978-5-8323-1044-2
_9500
021 _aRU
_b2016-1079
_966
035 _a(NLR Aleph) 010968796
090 _a10811737
_c10811737
100 _a20160203d2015 |||y0rusy50 ca
101 0 _arus
102 _aRU
105 _aa|||z|||100yy
200 1 _aПроблемы дидиактики электронного обучения с применением дистанционных образовательных технологий
_aПодготовка ИТ-специалиста
_e[сборник материалов семинаров 2015 года
210 _d2015
_aБ. м.
215 _a124 с.
_cил.
320 _aБиблиогр. в конце ст.
461 0 _1001RU\NLR\BIBL_A\011090219
_12001#$aАктуальные проблемы реализации электронного обучения и дистанционных образовательных технологий$e[сборник материалов семинаров, проходивших в рамках чтений$fНаучные чтения$gредкол.: Карпенко М.П., д.т.н., проф. и др.]$vКн. 1
_911362904
_cМосква
_d2015
_fНаучные чтения
_nИзд-во Современного государственного университета
_o[сборник материалов семинаров, проходивших в рамках чтений
_tАктуальные проблемы реализации электронного обучения и дистанционных образовательных технологий
_vКн. 1
606 1 _aИнформационные технологии
_xКадры
_xПодготовка
_92111901
_3RU\NLR\AUTH\661276270
686 1 _aЧ488.752
711 1 2 _a"Проблемы дидиактики электронного обучения с применением дистанционных образовательных технологий", семинар
_eМосква
_f2015
_9504869
_3RU\NLR\AUTH\880419943
711 1 2 _a"Подготовка ИТ-специалиста", семинар
_eМосква
_f2015
_9504866
_3RU\NLR\AUTH\880419942
942 _cBOOK
980 _aNB